Score 0/20 Timer 03:00
7 Plays Today
Expression/Title Missing Word % Correct
Only the Good Die ______Young
97.1%
As Good as It ______Gets
96%
Goody Two ______Shoes
95.1%
A Few Good ______Men
94.8%
Good things come in small ______packages
94.2%
Good-for-______nothing
93.2%
Good to the last ______drop
91.3%
Good ______ Miss MollyGolly
86.1%
______ B. GoodeJohnny
86%
One good turn deserves ______another
84.6%
Expression/Title Missing Word % Correct
Good ______grief
81.9%
What’s good for the goose is good for the ______gander
80.1%
To act in good ______faith
79.3%
The Good ______Wife
78.8%
The road to ______ is paved with good intentionshell
70.1%
Good & ______Plenty
67.1%
Good Ship ______Lollipop
65.7%
Goodnight ______Moon
61%
It’s good to be the ______king
59.7%
______ So GoodHurts
55.8%

Today's Daily Dose

Remove Ads.
Support Sporcle.
Get the best of Sporcle when you Go Orange. This ad-free experience offers more features, more stats, and more fun while also helping to support Sporcle. Thank you for becoming a member.

You're not logged in!

Compare scores with friends on all Sporcle quizzes.
OR
Log In

Show Comments

Extras

Top Quizzes Today


Score Distribution

Your Account Isn't Verified!

In order to create a playlist on Sporcle, you need to verify the email address you used during registration. Go to your Sporcle Settings to finish the process.

Report this User

Report this user for behavior that violates our Community Guidelines.

Details: